| 000 | 00000cam 22000008i 4500 |
| 001 | 9.919925 |
| 003 | CaOODSP |
| 005 | 20260505173031 |
| 006 | m o d f |
| 007 | cr ||||||||||| |
| 008 | 230208t20232023onc o f00| 0 chp d |
| 020 | |a9780660475073 |
| 040 | |aCaOODSP|beng|erda|cCaOODSP |
| 043 | |an-cn--- |
| 086 | 1 |aPS4-69/2023Chp-PDF |
| 245 | 00|aDëne ɂesólyá dëne t’ąt’u ɂası henerénı̨. |
| 250 | |a[Denesuline edition]. |
| 264 | 1|a[Ottawa] : |bPublic Safety Canada = Sécurité publique Canada, |c[2023] |
| 264 | 4|c©2023 |
| 300 | |a1 online resource (25 pages, [1] page) |
| 336 | |atext|btxt|2rdacontent |
| 337 | |acomputer|bc|2rdamedia |
| 338 | |aonline resource|bcr|2rdacarrier |
| 500 | |aIssued also in English under title: Victims of crime : staying informed. |
| 546 | |aText in Denesuline. |
| 650 | 0|aVictims of crimes|xLegal status, laws, etc.|zCanada. |
| 650 | 0|aVictims of crimes|xCivil rights|zCanada. |
| 650 | 0|aVictims of crimes|xServices for|zCanada. |
| 710 | 1 |aCanada. |bPublic Safety Canada, |eissuing body. |
| 775 | 08|tVictims of crime : |w(CaOODSP)9.919908 |
| 776 | 0#|t[Victims of crime : |w(CaOODSP)9.919927 |
| 792 | |tDëne ɂesólyá dëne t’ąt’u ɂası henerénı̨.|efre|w(CaOODSP)9.919926 |
| 794 | |tDëne ɂesólyá dëne t’ąt’u ɂası henerénı̨.|w(CaOODSP)9.962591 |
| 856 | 40|qPDF|s303 KB|uhttps://publications.gc.ca/collections/collection_2024/sp-ps/PS4-69-2023-chp.pdf |